[Event "Bled Olympiad"]
[Site "Bled SLO"]
[Date "2002.11.05"]
[EventDate "2002.10.26"]
[Round "10"]
[Result "1-0"]
[White "Kaido Kulaots"]
[Black "Ruben Felgaer"]
[WhiteElo "2542"]
[BlackElo "2509"]
[PlyCount "85"]

1. e4 c5 2. Nf3 Nc6 3. d4 cxd4 4. Nxd4 Nf6 5. Nc3 e5 6. Ndb5
d6 7. Bg5 a6 8. Na3 b5 9. Bxf6 gxf6 10. Nd5 f5 11. c3 Bg7
12. exf5 Bxf5 13. Nc2 Be6 14. a4 bxa4 15. Rxa4 a5 16. Bb5 Rc8
17. Rc4 Bd7 18. Nce3 O-O 19. Qa4 Nb8 20. Bxd7 Rxc4 21. Nxc4
Nxd7 22. O-O e4 23. Nxd6 Nb6 24. Nxb6 Qxd6 25. Qxa5 Rb8
26. Nc4 Qc6 27. Qa2 Qe6 28. Qa4 f5 29. Rd1 f4 30. Rd6 Qf7
31. Rd7 Qg6 32. Nd6 h6 33. Qxe4 Qxe4 34. Nxe4 Rxb2 35. h4 Rc2
36. Rc7 Be5 37. Rc5 Bg7 38. Kh2 Re2 39. f3 Rc2 40. h5 Rc1
41. Rc6 Kf8 42. c4 Bd4 43. c5 1-0

[Event "Bled Olympiad"]
[Site "Bled SLO"]
[Date "2002.11.05"]
[EventDate "2002.10.26"]
[Round "10"]
[Result "1/2-1/2"]
[White "Alexander Veingold"]
[Black "Pablo Zarnicki"]
[WhiteElo "2476"]
[BlackElo "2499"]
[PlyCount "29"]

1. d4 Nf6 2. c4 e6 3. Nf3 b6 4. g3 Ba6 5. b3 Bb4+ 6. Bd2 Be7
7. Bg2 c6 8. Bc3 d5 9. Nbd2 Nbd7 10. O-O O-O 11. Re1 c5 12. e4
dxc4 13. bxc4 cxd4 14. Nxd4 Ne5 15. Nxe6 1/2-1/2

[Event "Bled Olympiad"]
[Site "Bled SLO"]
[Date "2002.11.05"]
[EventDate "2002.10.26"]
[Round "10"]
[Result "1/2-1/2"]
[White "Sergio Slipak"]
[Black "Meelis Kanep"]
[WhiteElo "2498"]
[BlackElo "2389"]
[PlyCount "93"]

1. d4 d5 2. c4 c6 3. Nf3 e6 4. Nc3 Nf6 5. Bg5 h6 6. Bxf6 Qxf6
7. e3 Nd7 8. Bd3 dxc4 9. Bxc4 g6 10. O-O Bg7 11. Rc1 O-O
12. Re1 Qe7 13. h3 Rd8 14. Qe2 e5 15. Bb3 Nb6 16. Nxe5 Bxe5
17. dxe5 Qxe5 18. f4 Qe7 19. e4 Be6 20. Bc2 Qh4 21. f5 gxf5
22. exf5 Bd5 23. Nxd5 Nxd5 24. Bb3 Nf4 25. Qf3 Rd3 26. Re3
Rxe3 27. Qxe3 Qg5 28. Rc2 Rd8 29. Rf2 Nd3 30. Rf3 Qxe3+
31. Rxe3 Kf8 32. f6 Nc5 33. Bc2 Rd2 34. Bf5 Rd6 35. b4 Ne6
36. Bg4 b6 37. Kh2 a6 38. Bxe6 Rxe6 39. Ra3 a5 40. bxa5 bxa5
41. Rxa5 Rxf6 42. Kg3 Rd6 43. Kf4 Rd2 44. g4 Rh2 45. Kg3 Rc2
46. h4 Kg7 47. Kf4 1/2-1/2

[Event "Bled Olympiad"]
[Site "Bled SLO"]
[Date "2002.11.05"]
[EventDate "2002.10.26"]
[Round "10"]
[Result "1/2-1/2"]
[White "Julian Radulski"]
[Black "Rashid Khouseinov"]
[WhiteElo "2487"]
[BlackElo "2331"]
[PlyCount "139"]

1. e4 e5 2. Nf3 Qe7 3. Bc4 d6 4. Nc3 c6 5. d4 g6 6. Bg5 f6
7. Be3 Nh6 8. Qd2 Ng4 9. O-O-O Nd7 10. dxe5 dxe5 11. Kb1 Nxe3
12. Qxe3 Nc5 13. Rd2 b5 14. Bb3 h5 15. Rhd1 Nb7 16. Qe2 Bh6
17. Rd3 Kf8 18. Nh4 Kg7 19. g3 Rd8 20. Rxd8 Nxd8 21. Qd3 Nb7
22. f3 Bg5 23. Ng2 Bh3 24. Qe2 Nc5 25. Ne1 a5 26. a4 b4
27. Na2 Ne6 28. Bxe6 Bxe6 29. b3 c5 30. Qb5 Qc7 31. Nd3 Rd8
32. Nac1 Bf7 33. h4 Bh6 34. Nb2 Rxd1 35. Nxd1 c4 36. bxc4 Bxc4
37. Qe8 Bf7 38. Qb5 Qa7 39. Ne2 Bd2 40. Qd3 Bh6 41. f4 Qc7
42. fxe5 fxe5 43. Ne3 Qc6 44. Nc1 Qxa4 45. Nb3 Bxe3 46. Qxe3
Qb5 47. Qc5 Qf1+ 48. Nc1 Qa6 49. Qxe5+ Kh7 50. Qc5 Qc4
51. Qxc4 Bxc4 52. Nb3 a4 53. Nd4 a3 54. Nc6 b3 55. cxb3 Bxb3
56. Nd4 Bc4 57. Kc2 a2 58. Kb2 Kg7 59. e5 Kf7 60. Ka1 Ke7
61. Kb2 Kd7 62. Ka1 Kc7 63. Kb2 Kb6 64. Nc2 Kc5 65. Ne3 Be6
66. Ng2 Bf5 67. Nf4 Bb1 68. Ka1 Kb5 69. Kb2 Kb6 70. Ka1
1/2-1/2

[Event "Bled Olympiad"]
[Site "Bled SLO"]
[Date "2002.11.05"]
[EventDate "2002.10.26"]
[Round "10"]
[Result "1-0"]
[White "Marat Mamadshoev"]
[Black "Ivan Cheparinov"]
[WhiteElo "2263"]
[BlackElo "2473"]
[PlyCount "47"]

1. e4 c5 2. Nf3 Nc6 3. d4 cxd4 4. Nxd4 Nf6 5. Nc3 e5 6. Ndb5
d6 7. Bg5 a6 8. Na3 b5 9. Bxf6 gxf6 10. Nd5 f5 11. Bxb5 axb5
12. Nxb5 Ra4 13. c4 Rxc4 14. O-O Bb7 15. Nbc7+ Kd7 16. Qb3 Na5
17. Qb5+ Kc8 18. Rac1 Rc5 19. Na6 Bc6 20. Rxc5 dxc5 21. Qb8+
Kd7 22. Nb6+ Ke8 23. Qxe5+ Qe7 24. Nc7+ 1-0

[Event "Bled Olympiad"]
[Site "Bled SLO"]
[Date "2002.11.05"]
[EventDate "2002.10.26"]
[Round "10"]
[Result "0-1"]
[White "Vasil Spasov"]
[Black "Farrukh Amonatov"]
[WhiteElo "2591"]
[BlackElo "2518"]
[PlyCount "104"]

1. e4 c5 2. Nf3 d6 3. d4 cxd4 4. Nxd4 Nf6 5. Nc3 a6 6. Be3 e5
7. Nb3 Be6 8. f3 Nbd7 9. g4 b5 10. g5 b4 11. Ne2 Nh5 12. Qd2
a5 13. Ng3 Nxg3 14. hxg3 a4 15. Nc1 Qa5 16. f4 g6 17. Nd3 d5
18. Bg2 d4 19. Bf2 Bd6 20. O-O O-O 21. Be1 Qb6 22. Nxb4 d3+
23. Kh2 dxc2 24. Nxc2 Rfd8 25. Ne3 exf4 26. gxf4 Ne5 27. Nd5
Bxd5 28. exd5 Nc4 29. Qe2 Ne3 30. Rf3 Re8 31. Qd2 Rab8 32. Rb1
Re4 33. Bg3 Rbe8 34. Kh1 Nxg2 35. Qxg2 Qd4 36. Rbf1 Qxd5
37. b3 a3 38. R1f2 Re1+ 39. Kh2 Bc5 40. Rc3 Qd1 41. Rff3 Rg1
42. Rxc5 Rxg2+ 43. Kxg2 Re2+ 44. Bf2 Rxa2 45. b4 h6 46. f5
gxf5 47. gxh6 Rc2 48. Rcxf5 a2 49. h7+ Kh8 50. Rxf7 a1=Q
51. Re7 Qh1+ 52. Kg3 Qxf3+ 0-1

[Event "Bled Olympiad"]
[Site "Bled SLO"]
[Date "2002.11.05"]
[EventDate "2002.10.26"]
[Round "10"]
[Result "1-0"]
[White "Drazen Sermek"]
[Black "Claude Wagener"]
[WhiteElo "2590"]
[BlackElo "2199"]
[PlyCount "53"]

1. e4 e6 2. d4 d5 3. Nd2 Nf6 4. Bd3 c5 5. e5 Nfd7 6. c3 Nc6
7. Ne2 Qb6 8. Nf3 cxd4 9. cxd4 f6 10. exf6 Nxf6 11. O-O Bd6
12. b3 O-O 13. Bf4 Nxd4 14. Nfxd4 e5 15. Be3 exd4 16. Bxd4 Qd8
17. Ng3 Bd7 18. Rc1 g6 19. h3 a6 20. Qd2 Bc6 21. Qg5 Nd7
22. Qg4 Nf6 23. Qg5 Nd7 24. Qh6 Qe7 25. Rfe1 Qf7 26. Nf5 Ba3
27. Qg5 1-0

[Event "Bled Olympiad"]
[Site "Bled SLO"]
[Date "2002.11.05"]
[EventDate "2002.10.26"]
[Round "10"]
[Result "0-1"]
[White "Hubert Mossong"]
[Black "Adrian Mikhalchishin"]
[WhiteElo "2200"]
[BlackElo "2542"]
[PlyCount "68"]

1. e4 e5 2. Nf3 Nc6 3. Bb5 a6 4. Ba4 g6 5. O-O Bg7 6. c3 d6
7. h3 Bd7 8. d4 Nf6 9. Re1 O-O 10. Bg5 h6 11. Bh4 Qe8 12. Bc2
Nh5 13. Na3 g5 14. Bg3 Nxg3 15. fxg3 exd4 16. Nxd4 Qe5
17. Nxc6 Bxc6 18. Qd3 b5 19. Rf1 Rae8 20. Rae1 Re7 21. Nb1
Rfe8 22. Nd2 b4 23. Rf3 Bb5 24. c4 Bc6 25. b3 f5 26. Rfe3 Qd4
27. Kh2 Qxd3 28. Bxd3 Bc3 29. Rd1 fxe4 30. Bc2 Kg7 31. Nb1 Bf6
32. Rde1 Bd4 33. R3e2 e3 34. a3 a5 0-1

[Event "Bled Olympiad"]
[Site "Bled SLO"]
[Date "2002.11.05"]
[EventDate "2002.10.26"]
[Round "10"]
[Result "0-1"]
[White "Darcy Gustavo Machado Vieira Lima"]
[Black "Awam Wahono"]
[WhiteElo "2533"]
[BlackElo "2386"]
[PlyCount "90"]

1. d4 Nf6 2. c4 e6 3. g3 d5 4. Bg2 dxc4 5. Nf3 Bd7 6. Ne5 Bc6
7. Nxc6 Nxc6 8. e3 Bb4+ 9. Nc3 O-O 10. O-O Nd5 11. Qe2 Na5
12. Bd2 c6 13. e4 Nc7 14. Be3 Nb5 15. Nxb5 cxb5 16. Rad1 Qc7
17. f4 Nc6 18. Kh1 Be7 19. e5 Nb4 20. f5 exf5 21. Rxf5 Qd7
22. Rdf1 Nd5 23. Bc1 Qe6 24. R5f2 Rad8 25. Qh5 b4 26. Be4 g6
27. Qh6 c3 28. b3 Qg4 29. Re1 f5 30. Bg2 Qxd4 31. Rfe2 b5
32. h3 Qd3 33. Kh2 Rf7 34. Bf1 Qd4 35. Rg2 a6 36. e6 Rf6
37. Bg5 Rff8 38. Be2 Qg7 39. Qh4 Bxg5 40. Qxg5 Qe7 41. Qc1 f4
42. Bf3 Ne3 43. Rxe3 fxe3 44. Qxe3 Rf6 45. Re2 Rd2 0-1

[Event "Bled Olympiad"]
[Site "Bled SLO"]
[Date "2002.11.05"]
[EventDate "2002.10.26"]
[Round "10"]
[Result "1-0"]
[White "Rafael Duailibe Leitao"]
[Black "Susanto Megaranto"]
[WhiteElo "2548"]
[BlackElo "2420"]
[PlyCount "91"]

1. e4 c6 2. d4 d5 3. Nd2 dxe4 4. Nxe4 Bf5 5. Ng3 Bg6 6. h4 h6
7. Nf3 Nd7 8. h5 Bh7 9. Bd3 Bxd3 10. Qxd3 e6 11. Bf4 Qa5+
12. Bd2 Qc7 13. O-O-O Ngf6 14. Ne4 O-O-O 15. g3 Nc5 16. Nxc5
Bxc5 17. c4 Bd6 18. Bc3 Rhe8 19. Kb1 c5 20. d5 e5 21. Qf5+ Qd7
22. Nh4 Qxf5+ 23. Nxf5 Ne4 24. Rh4 Nxc3+ 25. bxc3 Be7 26. Re4
Bf6 27. Rde1 Kd7 28. Kc2 Rb8 29. a4 b6 30. Kd3 a6 31. f3 Ra8
32. R4e2 Rab8 33. Ne3 Kd6 34. Ng4 Re7 35. Ke4 b5 36. axb5 axb5
37. cxb5 Rxb5 38. Ra1 Reb7 39. Ra6+ R7b6 40. Rea2 Rb3
41. Rxb6+ Rxb6 42. Ra7 Rb3 43. Nxf6 gxf6 44. Rxf7 Rxc3
45. Rxf6+ Kd7 46. Rxh6 1-0

[Event "Bled Olympiad"]
[Site "Bled SLO"]
[Date "2002.11.05"]
[EventDate "2002.10.26"]
[Round "10"]
[Result "1/2-1/2"]
[White "Muhammad Ivan Situru"]
[Black "Giovanni Portilho Vescovi"]
[WhiteElo "2377"]
[BlackElo "2614"]
[PlyCount "47"]

1. d4 Nf6 2. c4 c5 3. d5 b5 4. cxb5 a6 5. bxa6 g6 6. Nc3 Bxa6
7. Nf3 d6 8. g3 Bg7 9. Bg2 Nbd7 10. O-O Nb6 11. Rb1 Bc4
12. Nd2 Bxa2 13. Nxa2 Rxa2 14. Qb3 Ra8 15. e4 O-O 16. Qc2 Nfd7
17. Re1 Nb8 18. Nc4 Nxc4 19. Qxc4 Nd7 20. Bf4 Qa5 21. Bh3 Ne5
22. Bxe5 Bxe5 23. b4 cxb4 24. Rxb4 1/2-1/2

[Event "Bled Olympiad"]
[Site "Bled SLO"]
[Date "2002.11.05"]
[EventDate "2002.10.26"]
[Round "10"]
[Result "1-0"]
[White "Florentino Garmendez"]
[Black "Jon Gardar Vidarsson"]
[WhiteElo "2408"]
[BlackElo "2392"]
[PlyCount "93"]

1. e4 c5 2. c4 e6 3. Nc3 Nc6 4. g3 d6 5. Bg2 e5 6. d3 Be7
7. Nd5 Nf6 8. Nxe7 Qxe7 9. h3 Nd4 10. Ne2 Nxe2 11. Qxe2 Nd7
12. O-O a6 13. b3 Nf8 14. a3 Ne6 15. b4 b6 16. Be3 O-O
17. Rab1 Nd4 18. Qb2 Be6 19. bxc5 bxc5 20. Bxd4 cxd4 21. Qa2
Rab8 22. Rb3 Qd7 23. h4 Rfc8 24. Rfb1 Rxb3 25. Qxb3 Kf8
26. Kh2 Qc6 27. Qb6 Ke7 28. Qxc6 Rxc6 29. Rb7+ Kd8 30. Bh3
Bxh3 31. Kxh3 Rc7 32. Rb6 Kd7 33. Kg4 Rc6 34. Rxc6 Kxc6 35. f4
Kd7 36. fxe5 dxe5 37. Kf5 f6 38. g4 Ke7 39. g5 g6+ 40. Kg4 Ke6
41. gxf6 Kxf6 42. h5 a5 43. hxg6 hxg6 44. Kh4 Kg7 45. Kg5 Kf7
46. c5 a4 47. c6 1-0

[Event "Bled Olympiad"]
[Site "Bled SLO"]
[Date "2002.11.05"]
[EventDate "2002.10.26"]
[Round "10"]
[Result "1-0"]
[White "Ehsan Ghaem Maghami"]
[Black "Imed Abdelnabbi"]
[WhiteElo "2511"]
[BlackElo "2412"]
[PlyCount "69"]

1. e4 e5 2. Nf3 Nc6 3. Bc4 Bc5 4. O-O Nf6 5. d3 d6 6. c3 Bb6
7. Nbd2 Ne7 8. a4 c6 9. Bb3 Ng6 10. Nc4 Bc7 11. Re1 O-O 12. h3
Re8 13. Ne3 d5 14. Bc2 Nf4 15. exd5 cxd5 16. d4 e4 17. Ne5
N6h5 18. Nxd5 Qxd5 19. Bb3 Rxe5 20. Bxd5 Rxd5 21. Rxe4 Bf5
22. Rxf4 Bxf4 23. Qxh5 Bc7 24. Qf3 Be6 25. Bf4 Bxf4 26. Qxf4
Rad8 27. Re1 h6 28. Re5 R5d7 29. Rc5 b6 30. Rc7 Rd5 31. Rxa7
Rg5 32. f3 Re8 33. Rb7 Kh7 34. h4 Ra5 35. Rxb6 1-0

[Event "Bled Olympiad"]
[Site "Bled SLO"]
[Date "2002.11.05"]
[EventDate "2002.10.26"]
[Round "10"]
[Result "0-1"]
[White "Marko Tratar"]
[Black "Luis Galego"]
[WhiteElo "2471"]
[BlackElo "2506"]
[PlyCount "90"]

1. Nf3 g6 2. c4 Bg7 3. e4 c5 4. d4 Nc6 5. dxc5 Qa5+ 6. Nfd2
Qxc5 7. Nb3 Qb4+ 8. Bd2 Qb6 9. Nc3 d6 10. Be2 Be6 11. O-O Rc8
12. Be3 Qd8 13. Rc1 Nf6 14. f3 O-O 15. Qd2 Nd7 16. Nd5 f5
17. exf5 gxf5 18. Rfe1 Nf6 19. Bg5 Qd7 20. Nxf6+ Bxf6 21. Bxf6
Rxf6 22. f4 Qd8 23. Bf3 Bf7 24. Nd4 Kf8 25. Qe3 Nxd4 26. Qxd4
Qa5 27. Bd5 Bxd5 28. cxd5 Rxc1 29. Rxc1 Qxa2 30. h3 Kf7
31. Kh2 Qb3 32. Qd2 Rg6 33. Rc3 Qb4 34. Qf2 Qe4 35. Qd2 a5
36. Rc8 b5 37. Ra8 a4 38. Rb8 b4 39. Rb7 b3 40. g3 Rg8 41. Rb4
Qf3 42. Qg2 Qd3 43. Rb6 Rc8 44. Rc6 Rxc6 45. dxc6 Qc2 0-1

[Event "Bled Olympiad"]
[Site "Bled SLO"]
[Date "2002.11.05"]
[EventDate "2002.10.26"]
[Round "10"]
[Result "1-0"]
[White "Igor Jelen"]
[Black "Carlos Pereira dos Santos"]
[WhiteElo "2362"]
[BlackElo "2420"]
[PlyCount "64"]

1. d4 d5 2. c4 c6 3. Nf3 Nf6 4. Nc3 dxc4 5. a4 Bf5 6. Ne5 Nbd7
7. Nxc4 Nb6 8. Ne5 a5 9. f3 Nfd7 10. Nxd7 Nxd7 11. e4 Bg6
12. Be2 Qb6 13. f4 e6 14. O-O f6 15. f5 exf5 16. exf5 Bf7
17. Bh5 g6 18. Bg4 O-O-O 19. fxg6 hxg6 20. Rxf6 Bb3 21. Qd3
Bg7 22. Bg5 Kb8 23. Rd6 Ne5 24. Bxd8 Rxd8 25. Rxd8+ Qxd8
26. Qe4 Nxg4 27. Qxg4 Bxd4+ 28. Kh1 Bb6 29. Qxg6 Qd2 30. Rf1
Qxb2 31. Nb5 Qd2 32. Qg3+ Ka8 1-0

[Event "Bled Olympiad"]
[Site "Bled SLO"]
[Date "2002.11.05"]
[EventDate "2002.10.26"]
[Round "10"]
[Result "1-0"]
[White "Diogo Fernando"]
[Black "Janez Barle"]
[WhiteElo "2408"]
[BlackElo "2350"]
[PlyCount "125"]

1. e4 e5 2. Nf3 d6 3. Bc4 Be7 4. O-O Nf6 5. d3 O-O 6. Re1 Nc6
7. a4 Be6 8. a5 Bxc4 9. dxc4 b6 10. axb6 axb6 11. Rxa8 Qxa8
12. Nc3 Na5 13. b3 c6 14. Be3 Qa6 15. Qa1 Ra8 16. Qa4 Qb7
17. Ra1 Ne8 18. Qb4 Nc7 19. Ra4 Ra6 20. Qa3 Bf8 21. Qa2 h6
22. h3 g6 23. Nd2 c5 24. Nd5 Nc6 25. c3 Rxa4 26. Qxa4 Kg7
27. f3 f5 28. Nxc7 Qxc7 29. exf5 gxf5 30. Qa8 Nd8 31. Kf1 Ne6
32. Qe8 Qe7 33. Qc8 e4 34. fxe4 f4 35. Bf2 Ng5 36. Qf5 Qa7
37. Be1 Qa1 38. Nf3 Nxf3 39. gxf3 Qd1 40. Qg4+ Kh7 41. Qxf4
Bg7 42. Qf5+ Kh8 43. Qc8+ Kh7 44. Qf5+ Kh8 45. Kf2 Qc2+
46. Kg3 Be5+ 47. Kg4 Qxb3 48. Qf8+ Kh7 49. Qf7+ Bg7 50. Bg3
Qxc3 51. Bxd6 Qd2 52. Qf5+ Kh8 53. Bg3 Qe2 54. Qf7 Qd2 55. Qd5
Qc2 56. h4 Kh7 57. h5 Qc1 58. f4 Bd4 59. Qf7+ Kh8 60. Kf5 Qd1
61. Qe8+ Kg7 62. Qg6+ Kf8 63. Ke6 1-0

[Event "Bled Olympiad"]
[Site "Bled SLO"]
[Date "2002.11.05"]
[EventDate "2002.10.26"]
[Round "10"]
[Result "1/2-1/2"]
[White "Amorim Agnelo"]
[Black "Mark Quinn"]
[WhiteElo "2266"]
[BlackElo "2429"]
[PlyCount "112"]

1. e4 c5 2. Nf3 Nc6 3. d4 cxd4 4. Nxd4 g6 5. Nc3 Bg7 6. Be3
Nf6 7. Bc4 O-O 8. Bb3 a5 9. a4 Ng4 10. Nxc6 Nxe3 11. Nxd8 Nxd1
12. Nxd1 Rxd8 13. O-O b6 14. Re1 d6 15. c3 Ba6 16. Ne3 Rac8
17. f3 e6 18. Kf2 Kf8 19. Red1 Rc5 20. Bc2 Ke7 21. Bd3 Bxd3
22. Rxd3 Rb8 23. Rad1 Rc6 24. Ra1 b5 25. axb5 Rxb5 26. Ra2
Rcc5 27. Rd1 f5 28. exf5 gxf5 29. Re1 Kf7 30. Rd1 d5 31. f4
Rb3 32. Rd2 Rcb5 33. g3 a4 34. Nd1 Ra5 35. Rc2 Bf8 36. Ke2 a3
37. bxa3 Bxa3 38. Nf2 Rc5 39. Kd2 Rbxc3 40. Rxc3 Bb4 41. Rac2
d4 42. Nd1 Rd5 43. Kd3 dxc3+ 44. Kc4 Ba5 45. Nxc3 Rd7 46. Ne2
Bb6 47. Rb2 Bf2 48. Nc3 Be1 49. Nb5 h5 50. Re2 Ba5 51. Nd4 Rd6
52. Nf3 Kf6 53. Ra2 Rd5 54. Re2 Bb6 55. Rb2 Rc5+ 56. Kd3 Rd5+
1/2-1/2

[Event "Bled Olympiad"]
[Site "Bled SLO"]
[Date "2002.11.05"]
[EventDate "2002.10.26"]
[Round "10"]
[Result "0-1"]
[White "Hassan Abdullah"]
[Black "Zenon Franco Ocampos"]
[WhiteElo "2296"]
[BlackElo "2504"]
[PlyCount "70"]

1. d4 Nf6 2. Nf3 c5 3. d5 g6 4. Nc3 Bg7 5. g3 O-O 6. Bg2 d6
7. O-O Na6 8. Re1 Nc7 9. a4 b6 10. h3 a6 11. Rb1 Bb7 12. e4
Nd7 13. Qd3 b5 14. axb5 axb5 15. b4 cxb4 16. Rxb4 Nc5 17. Qd2
Ra5 18. Nd4 N5a6 19. Rb1 b4 20. Nce2 Qd7 21. c3 bxc3 22. Qxc3
Rc5 23. Qb3 Ba8 24. Be3 e6 25. dxe6 fxe6 26. Nf4 Re5 27. Nd3
Rxe4 28. Bxe4 Bxe4 29. Rbd1 Bd5 30. Qc2 e5 31. Kh2 exd4
32. Bf4 Ne6 33. Qd2 Nac5 34. Nxc5 dxc5 35. Be5 Ng5 0-1

[Event "Bled Olympiad"]
[Site "Bled SLO"]
[Date "2002.11.05"]
[EventDate "2002.10.26"]
[Round "10"]
[Result "1/2-1/2"]
[White "Carlos Matamoros Franco"]
[Black "Matej Sebenik"]
[WhiteElo "2459"]
[BlackElo "2414"]
[PlyCount "43"]

1. c4 c5 2. g3 g6 3. Bg2 Bg7 4. Nc3 Nc6 5. a3 a6 6. Rb1 Rb8
7. b4 cxb4 8. axb4 b5 9. cxb5 axb5 10. Nf3 d5 11. d4 Bg4
12. Bf4 Bxf3 13. Bxf3 Nxd4 14. Nxd5 Rc8 15. Be3 Rc4 16. O-O e6
17. Nf4 Ne7 18. Bxd4 Rxd4 19. Qb3 O-O 20. Rfd1 Nf5 21. e3
Rxd1+ 22. Rxd1 1/2-1/2

[Event "Bled Olympiad"]
[Site "Bled SLO"]
[Date "2002.11.05"]
[EventDate "2002.10.26"]
[Round "10"]
[Result "1-0"]
[White "Julio Ostos"]
[Black "Saad Abdullah Sarsam"]
[WhiteElo "2328"]
[BlackElo "2409"]
[PlyCount "69"]

1. e4 d6 2. d4 Nf6 3. Nc3 e5 4. dxe5 dxe5 5. Qxd8+ Kxd8 6. Nf3
Bd6 7. Bc4 Be6 8. Bxe6 fxe6 9. Bg5 Ke7 10. O-O-O Nbd7 11. Rd2
a6 12. Rhd1 b5 13. a3 Rab8 14. Nxe5 a5 15. f3 Nb6 16. Nxb5 Nc4
17. a4 Nxd2 18. Bxd2 Ra8 19. Nd3 h6 20. c4 Nd7 21. Be3 Bb4
22. Nxb4 axb4 23. b3 c5 24. Rd2 Rhc8 25. Re2 Rc6 26. h4 Nf6
27. g4 h5 28. g5 Nd7 29. g6 Nf6 30. Bg5 Ke8 31. Nd6+ Ke7
32. Nf7 Rc7 33. Ne5 Rd8 34. Bxf6+ gxf6 35. Nc6+ 1-0

[Event "Bled Olympiad"]
[Site "Bled SLO"]
[Date "2002.11.05"]
[EventDate "2002.10.26"]
[Round "10"]
[Result "1/2-1/2"]
[White "Slim Belkhodja"]
[Black "Ivan Morovic-Fernandez"]
[WhiteElo "2497"]
[BlackElo "2549"]
[PlyCount "61"]

1. e4 e6 2. d4 d5 3. e5 c5 4. c3 Nc6 5. Nf3 Qb6 6. a3 Nh6
7. b4 cxd4 8. cxd4 Nf5 9. Bb2 Bd7 10. g4 Nh6 11. h3 f6 12. Bd3
Nf7 13. O-O Rc8 14. Nbd2 a5 15. b5 Ne7 16. a4 Ng6 17. Bxg6
hxg6 18. Kg2 g5 19. Rc1 Rxc1 20. Bxc1 Bb4 21. Nb3 Qc7 22. Bd2
fxe5 23. Bxb4 axb4 24. dxe5 Nxe5 25. Nxe5 Qxe5 26. Re1 Qf4
27. Nc5 O-O 28. Qe2 Bc8 29. Nxe6 Bxe6 30. Qxe6+ Kh7 31. Qe3
1/2-1/2

[Event "Bled Olympiad"]
[Site "Bled SLO"]
[Date "2002.11.05"]
[EventDate "2002.10.26"]
[Round "10"]
[Result "1/2-1/2"]
[White "Mario Belli Pino"]
[Black "Leighton Williams"]
[WhiteElo "2401"]
[BlackElo "2288"]
[PlyCount "44"]

1. e4 c5 2. Nf3 e6 3. d4 cxd4 4. Nxd4 Qb6 5. Nb3 Qc7 6. Bd3
Nf6 7. O-O d5 8. exd5 Nxd5 9. c4 Nf6 10. Nc3 a6 11. Re1 Be7
12. Bg5 Nbd7 13. Qf3 Ra7 14. Rad1 b6 15. Qh3 Bb7 16. Nd4 Qc5
17. Bf5 Ba8 18. b4 Qxb4 19. Bxe6 fxe6 20. Qxe6 Nf8 21. Qe5
N8d7 22. Qe6 Nf8 1/2-1/2

[Event "Bled Olympiad"]
[Site "Bled SLO"]
[Date "2002.11.05"]
[EventDate "2002.10.26"]
[Round "10"]
[Result "1-0"]
[White "Bernardo Roselli Mailhe"]
[Black "Leonardo Valdes"]
[WhiteElo "2446"]
[BlackElo "2426"]
[PlyCount "67"]

1. e4 c5 2. Nf3 Nc6 3. d4 cxd4 4. Nxd4 Nf6 5. Nc3 e5 6. Ndb5
d6 7. Bg5 a6 8. Na3 b5 9. Bxf6 gxf6 10. Nd5 Bg7 11. c3 f5
12. exf5 Bxf5 13. Nc2 Be6 14. g3 Ne7 15. Bg2 Rc8 16. Nce3 Nxd5
17. Bxd5 O-O 18. O-O Kh8 19. a4 Qb6 20. axb5 axb5 21. Qd3 Bh3
22. Rfd1 f5 23. Bg2 Bxg2 24. Kxg2 f4 25. Nd5 Qb7 26. f3 Rc4
27. b3 Rc5 28. Qe4 Rcc8 29. Nf6 Qxe4 30. Nxe4 fxg3 31. hxg3
Ra8 32. Rxa8 Rxa8 33. Rxd6 Bf8 34. Rd7 1-0

[Event "Bled Olympiad"]
[Site "Bled SLO"]
[Date "2002.11.05"]
[EventDate "2002.10.26"]
[Round "10"]
[Result "0-1"]
[White "Ryan Harper"]
[Black "Erald Dervishi"]
[WhiteElo "2248"]
[BlackElo "2513"]
[PlyCount "106"]

1. e4 e5 2. Nf3 Nc6 3. Bc4 Nf6 4. d4 exd4 5. e5 d5 6. Bb5 Ne4
7. Nxd4 Bd7 8. Bxc6 bxc6 9. O-O Bc5 10. f3 Ng5 11. f4 Ne4
12. Be3 O-O 13. Nd2 Nxd2 14. Qxd2 Bb6 15. Nb3 f6 16. Bc5 Bf5
17. Rae1 Be4 18. Kh1 Re8 19. Qf2 fxe5 20. fxe5 Rxe5 21. Qf7+
Kh8 22. Bf8 Qg5 23. Re2 Qg6 24. Qxg6 hxg6 25. Bc5 Rae8 26. a4
Bf5 27. Rxe5 Rxe5 28. Bd4 Re4 29. c3 Re2 30. a5 Bxd4 31. Nxd4
Rxb2 32. Nxc6 Be4 33. Rf8+ Kh7 34. Kg1 Rxg2+ 35. Kf1 Rc2
36. Nxa7 Rxc3 37. Ke1 Rc5 38. Rf7 Rxa5 39. Rxc7 Ra1+ 40. Kf2
Ra2+ 41. Kg3 g5 42. Nc6 Rc2 43. Rc8 d4 44. Ne7 d3 45. Rd8 Rg2+
46. Kh3 d2 47. Ng8 g4+ 48. Kh4 Bf3 49. Ne7 d1=Q 50. Rxd1 Bxd1
51. Ng6 Kxg6 52. h3 Rg3 53. Kxg3 gxh3 0-1

[Event "Bled Olympiad"]
[Site "Bled SLO"]
[Date "2002.11.05"]
[EventDate "2002.10.26"]
[Round "10"]
[Result "1-0"]
[White "Ilir Seitaj"]
[Black "Ramsingh Yogendranath"]
[WhiteElo "2406"]
[BlackElo "2200"]
[PlyCount "80"]

1. e4 d6 2. d4 Nf6 3. Nc3 g6 4. Nf3 Bg7 5. Be2 O-O 6. O-O c6
7. a4 Nbd7 8. Be3 Qc7 9. Qd2 e5 10. Rad1 a6 11. dxe5 dxe5
12. Ne1 b5 13. f3 Re8 14. Nd3 Bf8 15. b3 Bb7 16. Qe1 Nh5
17. Kh1 Ng7 18. Qf2 b4 19. Nb1 f5 20. Nc5 Nxc5 21. Bxc5 Ne6
22. Bc4 Kg7 23. Bxe6 Rxe6 24. Nd2 a5 25. Rfe1 Bxc5 26. Qxc5
Ba6 27. exf5 gxf5 28. f4 Rae8 29. Nf3 exf4 30. Rxe6 Rxe6
31. Qxf5 Qe7 32. h3 c5 33. Qxf4 Bb7 34. Nh4 Re1+ 35. Kh2 Re4
36. Qg3+ Kf6 37. Rf1+ Ke6 38. Qg8+ Ke5 39. Nf5 Qc7 40. Qg3+
Kd5 1-0

[Event "Bled Olympiad"]
[Site "Bled SLO"]
[Date "2002.11.05"]
[EventDate "2002.10.26"]
[Round "10"]
[Result "1/2-1/2"]
[White "Valery Grechihin"]
[Black "Wong Zi Jing"]
[WhiteElo "2543"]
[BlackElo "2297"]
[PlyCount "132"]

1. d4 Nf6 2. Nf3 c5 3. d5 b5 4. Bg5 Bb7 5. Bxf6 exf6 6. e4 Qb6
7. Nc3 b4 8. Na4 Qa5 9. b3 d6 10. Nb2 Be7 11. Nc4 Qc7 12. a4
O-O 13. Be2 Nd7 14. O-O Rad8 15. g4 Rfe8 16. Nfd2 g6 17. Ne3
Bf8 18. f4 Bg7 19. f5 Bh6 20. Nec4 Bxd2 21. Nxd2 g5 22. Bb5
Re7 23. Bxd7 Qxd7 24. Qf3 Ba6 25. Rfe1 Ree8 26. c4 bxc3
27. Qxc3 Qe7 28. Kf2 Rb8 29. Re3 Rb4 30. h4 h6 31. Rh1 Qe5
32. Qxe5 Rxe5 33. hxg5 hxg5 34. Rh6 Kg7 35. Reh3 Re8 36. e5
Rxe5 37. Rh8 Re2+ 38. Kg3 Re3+ 39. Nf3 Rxf3+ 40. Kxf3 Rxb3+
41. Kf2 Rxh3 42. Rxh3 Bc4 43. a5 Kf8 44. Re3 a6 45. Rc3 Bb5
46. Re3 Bc4 47. Re1 Bb5 48. Kf3 Bc4 49. Kg3 Bb5 50. Re4 Bd3
51. Re3 Bc4 52. Kf2 Bb5 53. Ke1 Bc4 54. Kd2 Bb5 55. Kc3 Bf1
56. Re1 Bb5 57. Re3 Bf1 58. Re4 Bg2 59. Re3 Bf1 60. Kb3 Bg2
61. Kb2 Bf1 62. Kc1 Bc4 63. Re1 Bb5 64. Kb2 Bd3 65. Kc3 Bb5
66. Rg1 Ke7 1/2-1/2

[Event "Bled Olympiad"]
[Site "Bled SLO"]
[Date "2002.11.05"]
[EventDate "2002.10.26"]
[Round "10"]
[Result "1-0"]
[White "Andrei Obodchuk"]
[Black "Aleksei Kulashko"]
[WhiteElo "2423"]
[BlackElo "2400"]
[PlyCount "93"]

1. e4 c5 2. Nf3 e6 3. d4 cxd4 4. Nxd4 Nf6 5. Nc3 d6 6. Be2 Be7
7. Be3 O-O 8. f4 Nc6 9. Qd2 a6 10. O-O-O Nxd4 11. Bxd4 b5
12. Bxf6 Bxf6 13. Qxd6 Qxd6 14. Rxd6 Bxc3 15. bxc3 Bb7 16. Bf3
Rfc8 17. Rhd1 Kf8 18. Rb6 Rc7 19. Rxb7 Rxb7 20. e5 Rab8
21. Bxb7 Rxb7 22. Rd8+ Ke7 23. Ra8 Rb6 24. Ra7+ Kf8 25. Rc7 h6
26. c4 bxc4 27. Rxc4 g6 28. Rc7 g5 29. g3 gxf4 30. gxf4 Ke8
31. c3 h5 32. Kc2 h4 33. a3 h3 34. Rc8+ Kd7 35. Rf8 Kc6
36. Rxf7 Kd5 37. Kd3 Rb1 38. Rd7+ Kc5 39. Rc7+ Kb6 40. Re7 Rh1
41. Rxe6+ Kc7 42. Rxa6 Rxh2 43. Rh6 Rh1 44. Ke4 Kd7 45. Kf5
Ke7 46. a4 h2 47. a5 1-0